| 000 | 00892cam a2200253 a 4500 | ||
|---|---|---|---|
| 001 | 000011606 | ||
| 005 | 20200929162513.0 | ||
| 008 | 000825s1997 ck a 000 0 spa d | ||
| 020 | _a9588017084 | ||
| 040 |
_aDO-SdBNP _bspa _cLC _dBNPHU |
||
| 082 |
_a658.314 _bL431h |
||
| 100 | 1 |
_aLazcano, Juan Manuel. _927453 |
|
| 245 | 1 | 0 |
_aHacia el entendimiento social : _bpor el bien común / _cJuan Manuel Lazcano S. |
| 260 |
_aSantafé de Bogotá : _b3R, _c1997. |
||
| 300 |
_a150 p. : _bil. ; _c20 cm. |
||
| 504 | _aIncluye referencias bibliográficas y notas al pie de las páginas. | ||
| 650 | 4 |
_aMotivación del empleado _xCasos _zColombia _927454 |
|
| 650 | 4 |
_aAdministración de personal _xCasos _zColombia _927455 |
|
| 650 | 4 |
_aSatisfacción en el trabajo _927456 |
|
| 650 | 4 |
_aInteligencia _92917 |
|
| 650 | 4 |
_aComprensión _927457 |
|
| 910 | _aCatalogación por copia / LC | ||
| 049 | _aBNGR | ||
| 999 |
_c11301 _d11301 |
||